| 000 | 01327nam a22003617a 4500 | ||
|---|---|---|---|
| 003 | CHAP | ||
| 005 | 20220329135647.0 | ||
| 008 | 971013s1995 r 00010 d | ||
| 010 | _a40109 | ||
| 011 | _a41081 | ||
| 035 | _a45207 | ||
| 040 | _cCHAP | ||
| 090 | _aTesis | ||
| 100 | 0 | 0 |
_aLicona Vargas, Juan Baltazar. _966714 |
| 245 | _aEfecto de soluciones conservadoras y dos períodos de almacenamiento frío en la vida postcosecha de nardo (Polianthes tuberosa) | ||
| 260 |
_aChapingo, Méx. : _bEl autor, _c1995 |
||
| 300 |
_a70 h. _b: ilus. ; gráfs. |
||
| 502 | _aTesis (Ing. Agr. Esp. en Fitotecnia) -- UACH. Departamento de Fitotecnia | ||
| 590 |
_aALEPH _b10 _c20130110 _lUCH01 _h1308 |
||
| 590 |
_aBATCH-UPD _b10 _c20130110 _lUCH01 _h0020 |
||
| 590 |
_aBATCH-UPD _b10 _c20130110 _lUCH01 _h2054 |
||
| 590 |
_aBATCH-UPD _b10 _c20130409 _lUCH01 _h1959 |
||
| 590 |
_aBATCH-UPD _b10 _c20130410 _lUCH01 _h1407 |
||
| 590 |
_aBATCH-UPD _b10 _c20130914 _lUCH01 _h1836 |
||
| 590 |
_aCONVERSION _b10 _c20130109 _lUCH01 _h1322 |
||
| 650 | 1 | 4 |
_aNardo _xConservación por frío. _980224 |
| 650 | 1 | 4 |
_aNardo _xTecnología postcosecha. _980227 |
| 650 | 1 | 4 |
_aSolución (Química) _9108528 |
| 901 | _aBK | ||
| 942 | _cFOLL | ||
| 949 |
_bBC _cTES _d-103370 _eTS1 _h27981 _i45207 _si |
||
| 949 |
_bBC _cTES _d33724000005120 _eTS2 _fc.2 _h27982 _i45207 _si |
||
| 999 |
_c40109 _d40109 |
||